000 02053cam a2200289 4500500
005 20251228045548.0
041 _afre
042 _adc
100 1 0 _aBreton, Éric
_eauthor
245 0 0 _aLa Charte d’Ottawa : 30 ans sans plan d’action ?
260 _c2016.
500 _a2
520 _aLa Charte d’Ottawa n’est pas un plan d’action. Elle est plutôt un document de consensus sur ce que sont les valeurs et les principes-clés qui doivent guider la pratique en santé publique. Elle offre aussi, à travers ses cinq axes, une carte des déterminants de la santé des populations. Dans ce texte, qui découle de mon intervention lors du débat controverse de l’Université d’été francophone en santé publique de Besançon de 2016, j’exprime ma vision de ce qu’est la Charte, de ce que nous en avons fait et des raisons pour lesquelles il est plus que temps de s’intéresser à l’opérationnalisation du projet qu’elle porte.
520 _aThe Ottawa Charter: 30 years without an action plan?The Ottawa Charter is not an action plan, but rather a consensus document on the values and principles that should drive public health practice. It also provides, in the form of 5 lines of action, a map of the determinants of population health. In this paper, based on the lecture I delivered at the Université d’été francophone en santé publique de Besançon, I describe my vision of the Charter, what we have done with it and why it is about time we move on to operationalization of the project it embodies.
690 _aplanification
690 _aprévention
690 _apromotion de la santé
690 _asanté communautaire
690 _asystèmes complexes
690 _acommunity health
690 _acomplex systems
690 _ahealth promotion
690 _aplanning
690 _aprevention
786 0 _nSanté Publique | 28 | 6 | 2016-12-19 | p. 721-727 | 0995-3914
856 4 1 _uhttps://stm.cairn.info/revue-sante-publique-2016-6-page-721?lang=fr&redirect-ssocas=7080
999 _c1578839
_d1578839